000 00536nam a2200193Ia 4500
005 20230819095655.0
008 131103s9999 xx 000 0 und d
040 _aLoreto College
041 _aEnglish
082 _a922
_bFOR
245 _aSaints As Guides
_cedited by C.Desmond Ford; foreword by Somers;prologue by C.C.Martindale
260 _aLondon
_bBurns Oastes
_c1949
300 _aviii,130 p.
650 _aBiography
651 _aReligious - Biography
700 _aFord,C.Desmond,ed.
850 _aLCLIB
942 _cBK
999 _c14002
_d64481